000 00753nam a2200253Ia 4500
999 _c55508
_d55508
001 22590
003 GE_BSU
005 20230331152511.0
008 181216s ||||-ge|||||||||||||| ||ger||
020 _a9783191016999
040 _cGE_BSU
041 _ager
080 _a811.112.1 T-38
245 _aTestdaf Musterprufung 2 : Test Deutsch als Fremdsprache : Musterprufung 2 : herausgegeben vom TestDaf-Institut.
264 _aBobingen :
_bHueber Verlag,
_c2008.
300 _a80p;ill;29cm.
300 _b+1CD-Rom Musterprufung 2
541 _h54gel.
653 _aTestdaf Musterprufung 2
653 _aMusterprufung 2
653 _aherausgegeben vom TestDaf-Institut
653 _aგერმანული ენა
942 _cBK
_2udc